LEADER 03566 am 22006133u 450 001 9910348237903321 005 20210610203833.0 010 $a1-134-14675-2 010 $a1-280-54922-X 010 $a1-134-14676-0 010 $a9786610549221 010 $a0-203-96537-X 035 $a(CKB)1000000000359062 035 $a(EBL)273751 035 $a(OCoLC)476016978 035 $a(SSID)ssj0000164062 035 $a(PQKBManifestationID)11167484 035 $a(PQKBTitleCode)TC0000164062 035 $a(PQKBWorkID)10117805 035 $a(PQKB)11036978 035 $a(MiAaPQ)EBC273751 035 $a(EXLCZ)991000000000359062 100 $a20180706d2006 uy 0 101 0 $aeng 135 $aur|n|---||||| 181 $ctxt 182 $cc 183 $acr 200 10$aGod and humans in Islamic thought$b[electronic resource] $eAbd al-Jabbar, Ibn Sina and Al-Ghazali /$fMaha Elkaisy-Friemuth 210 $aNew York, NY $cRoutledge$d2006 215 $a1 online resource (225 p.) 225 1 $aCulture and Civilization in the Middle East 300 $aDescription based upon print version of record. 311 $a0-415-66388-1 311 $a0-415-40028-7 320 $aIncludes bibliographical references. 327 $aGod and Humans in Islamic Thought: 'Abd al-Jabba?r, Ibn Si?na?and al-Ghaza?li?; Copyright; Contents; Acknowledgements; Introduction; 1 Historical and cultural context; Political and cultural development; The life and works of 'Abd al-Jabba?r, Ibn Si?na? and al-Ghaza?li?; Development of lutf,'ishq and fana?'; 2 'Abd al-Jabba?r's view of the relationship with God through divine assistance, lutf; The main characteristics of God; Human nature and the different ways of knowledge; Communicationthrough God's duty of assistance, lutf; Conclusion 327 $a3 Relationship with God through knowledge and love, 'ishq, in the philosophy of Ibn Si?na?The main characteristics of God; The features of humans; Relationship with God through His manifestation of Himself, Tajalli; Conclusion; 4 Relationship with God through self-annihilation, fana?, according to al- Ghaza?li?; The features of God according to al-Ghazali; The features of the human soul; Al-Ghaza?li?'s mystical approach to the relationship with God; Conclusion; 5 Comparison and evaluation; God and humans in 'Abd al-Jabba?r, Ibn Si?na? and al- Ghaza?li?; Evaluation; Conclusion; Notes; Bibliography; Index 330 $aWinner of The Iranian World Prize for the Book of the Year 2007 in the Philosophy and Mysticism category.This new and original text provides a timely re-examination of Islamic thought, presenting a stark contrast to the more usual conservative view. The explanation of the relationship between God and humans, as portrayed in Islam, is often influenced by the images of God and of human beings which theologians, philosophers and mystics have in mind. The early period of Islam reveals a diversity of interpretations of this relationship. Elkaisy-Friemuth d 410 0$aCulture and Civilization in the Middle East 606 $aGod (Islam) 606 $aTheological anthropology$xIslam 606 $aIslamic philosophy 608 $aElectronic books. 615 0$aGod (Islam) 615 0$aTheological anthropology$xIslam. 615 0$aIslamic philosophy. 676 $a297.220922 700 $aElkaisy-Friemuth$b Maha$0993039 801 0$bMiAaPQ 906 $aBOOK 912 $a9910348237903321 996 $aGod and humans in Islamic thought$92273930 997 $aUNINA